| 000 | 00646nam a2200181Ia 4500 | ||
|---|---|---|---|
| 005 | 20250508155455.0 | ||
| 008 | 008 250505s9999 xx 000 0 hin d | ||
| 037 | _aBooks to be hide in OPAC | ||
| 040 |
_aFEDL _beng _cFEDL |
||
| 041 |
_ahin _2hin |
||
| 084 |
_a371.911, IND/O _qFEDL |
||
| 245 | 0 | _aAndhe dekh sakate hai: Dehradoon mein andhon le liye Bharat sarkar ki sansthaon ke sambandh mein January 1950 se March 1961 tak ki report | |
| 245 | 0 | _cIndia. Education, (Ministry of ...) | |
| 260 |
_aDelhi, India _bManager of Publications _c1961 |
||
| 300 | _a53p | ||
| 942 |
_cHB _h371.911, IND/O |
||
| 999 |
_c1357148 _d1357148 |
||